000 00374 a2200157 4500
001 63978
020 _a9788578276782 (broch.)
040 _cAnchieta - Pituba
100 _aChaui, Marilena de Souza
240 1 0 _aO ser humano é um ser social
_lpor
245 1 0 _aO ser humano é um ser social
300 _a149p.
362 0 _a2013
650 4 _aHumanidade
942 _cBK
999 _c63978
_d63978